[Event "30. Open Villa de Benasque"]
[Site "Benasque ESP"]
[Date "2010.07.08"]
[Round "1.1"]
[White "Benito Vicente, Jose Oscar"]
[Black "Georgiev, Kiril"]
[Result "0-1"]
[WhiteElo "1977"]
[BlackElo "2675"]
[PlyCount "74"]
[EventDate "2010.07.08"]
[EventType "tourn"]
[EventRounds "10"]
[EventCountry "ESP"]
[Source "lmi"]
[SourceDate "2010.07.08"]

1. f4 Nf6 2. Nf3 g6 3. e3 Bg7 4. d4 O-O 5. Bd3 c5 6. c3 d6 7. O-O Nc6 8. Qc2 e5
9. dxe5 dxe5 10. Nbd2 Nd5 11. Nc4 exf4 12. exf4 Ndb4 13. cxb4 Nxb4 14. Qd1 Nxd3
15. Nce5 Bf5 16. Qb3 Qc7 17. Bd2 Rad8 18. Nxd3 Rxd3 19. Bc3 Bxc3 20. bxc3 Qxf4
21. Qxb7 Be4 22. Qxa7 Bxf3 23. Rxf3 Rxf3 24. gxf3 Rd8 25. Qxc5 Qxf3 26. Rf1
Qg4+ 27. Kh1 Rd2 28. Qc6 Qe2 29. Qc8+ Kg7 30. Qh3 Rxa2 31. Rxf7+ Kxf7 32. Qxh7+
Kf6 33. Qh8+ Kf5 34. Qf8+ Ke4 35. Qe7+ Kd3 36. Qd6+ Kc2 37. Qxg6+ Kc1 0-1

[Event "30. Open Villa de Benasque"]
[Site "Benasque ESP"]
[Date "2010.07.08"]
[Round "1.2"]
[White "Maletin, Pavel"]
[Black "Etxagibel Larranaga, Asier"]
[Result "1-0"]
[WhiteElo "2617"]
[BlackElo "1976"]
[PlyCount "63"]
[EventDate "2010.07.08"]
[EventType "tourn"]
[EventRounds "10"]
[EventCountry "ESP"]
[Source "lmi"]
[SourceDate "2010.07.08"]

1. d4 Nf6 2. c4 c5 3. Nf3 cxd4 4. Nxd4 e6 5. g3 Be7 6. Bg2 O-O 7. O-O Qc7 8. b3
Nc6 9. Bf4 e5 10. Nb5 Qb8 11. Bg5 Rd8 12. N1c3 a6 13. Bxf6 gxf6 14. Nd5 axb5
15. cxb5 Kf8 16. Qc2 Nd4 17. Qxh7 Ke8 18. Qh8+ Bf8 19. Nxf6+ Ke7 20. Nd5+ Ke8
21. b6 d6 22. Nc7+ Kd7 23. Qh3+ Ne6 24. Nxe6 fxe6 25. Qh7+ Be7 26. Rac1 Re8 27.
Rc7+ Kd8 28. Rfc1 Rxa2 29. Qf7 Ra8 30. Bh3 Bd7 31. Rxd7+ Kxd7 32. Qxe6+ 1-0

[Event "30. Open Villa de Benasque"]
[Site "Benasque ESP"]
[Date "2010.07.08"]
[Round "1.3"]
[White "Puertolas Serena, Arturo"]
[Black "Zakhartsov, Viacheslav V."]
[Result "0-1"]
[WhiteElo "1975"]
[BlackElo "2608"]
[PlyCount "98"]
[EventDate "2010.07.08"]
[EventType "tourn"]
[EventRounds "10"]
[EventCountry "ESP"]
[Source "lmi"]
[SourceDate "2010.07.08"]

1. e4 c5 2. Nf3 d6 3. Bb5+ Nd7 4. O-O Ngf6 5. Re1 a6 6. Bxd7+ Bxd7 7. h3 Bc6 8.
Nc3 e5 9. d3 Be7 10. Be3 O-O 11. Ne2 Nd7 12. Ng3 d5 13. exd5 Bxd5 14. Nf5 Bf6
15. Nd2 g6 16. Ng3 Bg7 17. Nb3 b6 18. Ne4 f5 19. Nc3 Bb7 20. f3 h6 21. Nd2 Qc7
22. Nf1 Rad8 23. Qe2 Nb8 24. Bf2 Nc6 25. Rac1 Nd4 26. Bxd4 cxd4 27. Nd1 Qd6 28.
Nf2 Rc8 29. Nd2 b5 30. Nb3 Rc7 31. Na5 Bd5 32. Nb3 Rfc8 33. Qd2 Kh7 34. Re2 h5
35. Qd1 Bh6 36. Rb1 Bf4 37. h4 Qf6 38. Nh3 Be3+ 39. Rxe3 dxe3 40. Ng5+ Kg8 41.
Rc1 Qb6 42. Qe2 b4 43. Kh2 a5 44. g4 hxg4 45. fxg4 a4 46. Na1 Qd4 47. Rg1 Qxb2
48. Qxe3 Rxc2+ 49. Nxc2 Rxc2+ 0-1

[Event "30. Open Villa de Benasque"]
[Site "Benasque ESP"]
[Date "2010.07.08"]
[Round "1.4"]
[White "Melkumyan, Hrant"]
[Black "Navarro Pellicer, Antonio"]
[Result "1-0"]
[WhiteElo "2606"]
[BlackElo "1973"]
[PlyCount "81"]
[EventDate "2010.07.08"]
[EventType "tourn"]
[EventRounds "10"]
[EventCountry "ESP"]
[Source "lmi"]
[SourceDate "2010.07.08"]

1. d4 d5 2. c4 e6 3. Nc3 Nf6 4. Bg5 Be7 5. e3 c6 6. Rc1 O-O 7. Bd3 Nbd7 8. Nf3
dxc4 9. Bxc4 Nd5 10. Bxe7 Qxe7 11. O-O N7f6 12. Qe2 a6 13. Bd3 b5 14. Ne4 Nxe4
15. Bxe4 Bb7 16. Rc5 f6 17. Rfc1 Rac8 18. a3 Qd6 19. h3 Rc7 20. Bb1 Rfc8 21.
Qc2 g6 22. b4 Nb6 23. Qb3 Nd7 24. R5c3 Nf8 25. Nd2 Nd7 26. Ne4 Qe7 27. Nc5 Nxc5
28. Rxc5 Qd6 29. Ba2 Re7 30. Qc3 Kf7 31. h4 Kg7 32. h5 Rec7 33. Bb1 g5 34. Be4
f5 35. d5+ Kh6 36. Qf6+ Kxh5 37. Bf3+ g4 38. Bxg4+ Kxg4 39. f3+ Kh5 40. g4+
fxg4 41. dxe6+ 1-0

[Event "30. Open Villa de Benasque"]
[Site "Benasque ESP"]
[Date "2010.07.08"]
[Round "1.5"]
[White "Gomez Latorre, Julian"]
[Black "Burmakin, Vladimir"]
[Result "0-1"]
[WhiteElo "1969"]
[BlackElo "2605"]
[PlyCount "94"]
[EventDate "2010.07.08"]
[EventType "tourn"]
[EventRounds "10"]
[EventCountry "ESP"]
[Source "lmi"]
[SourceDate "2010.07.08"]

1. e4 c6 2. Nc3 d5 3. Qf3 e6 4. d4 Nd7 5. Bd3 dxe4 6. Nxe4 Ngf6 7. Bg5 Be7 8.
Bxf6 Nxf6 9. Nxf6+ Bxf6 10. c3 Qd5 11. Be4 Qd6 12. Ne2 O-O 13. O-O Qe7 14. g3
g6 15. Rfe1 Bg7 16. Qe3 Qc7 17. Bg2 e5 18. dxe5 Bxe5 19. Nd4 Bg7 20. Rad1 Bd7
21. Qd2 Rad8 22. Qe3 Rfe8 23. Qf3 Qb6 24. Rxe8+ Rxe8 25. b3 Qa5 26. Bf1 Qxa2
27. Bc4 Rf8 28. Nc2 Be6 29. Nb4 Qb2 30. Bxe6 fxe6 31. Qe3 Qxc3 32. Qxe6+ Kh8
33. Qd6 Qxb3 34. Re1 Qa3 35. Re3 Qa1+ 36. Kg2 Qf6 37. Qd2 c5 38. Nd3 Qc6+ 39.
Kg1 Qc7 40. Nf4 Bd4 41. Re2 Qc6 42. Re6 Qf3 43. Nxg6+ hxg6 44. Qh6+ Kg8 45.
Rxg6+ Kf7 46. Qh7+ Ke8 47. Re6+ Kd8 0-1

[Event "30. Open Villa de Benasque"]
[Site "Benasque ESP"]
[Date "2010.07.09"]
[Round "2.1"]
[White "Georgiev, Kiril"]
[Black "Gomez Peco, Pablo"]
[Result "1-0"]
[WhiteElo "2675"]
[BlackElo "2177"]
[PlyCount "89"]
[EventDate "2010.07.08"]
[EventType "tourn"]
[EventRounds "10"]
[EventCountry "ESP"]
[Source "lmi"]
[SourceDate "2010.07.08"]

1. d4 c6 2. Nf3 Nf6 3. Bf4 d5 4. e3 Bf5 5. c4 e6 6. Nc3 Nbd7 7. Qb3 Qb6 8. c5
Qxb3 9. axb3 a6 10. b4 Rc8 11. h3 Ne4 12. g4 Bg6 13. Nh4 Be7 14. Nxg6 hxg6 15.
Bd3 g5 16. Bh2 Nxc3 17. bxc3 Rxh3 18. Kf1 Nf6 19. Kg2 Rh8 20. f3 Bd8 21. Bd6
Rxh1 22. Rxh1 Kd7 23. e4 Ne8 24. Bg3 Bc7 25. e5 Bd8 26. Be1 Be7 27. Rh7 Ra8 28.
Kf1 a5 29. bxa5 Rxa5 30. Rh2 Nc7 31. Rb2 Ra7 32. Ke2 Ke8 33. Bd2 Kd7 34. Rb1 f6
35. f4 gxf4 36. Bxf4 Bd8 37. Rh1 Be7 38. Rh7 Ra2+ 39. Kf3 fxe5 40. Bxe5 Ne8 41.
Bg6 Ra3 42. Rh8 Rxc3+ 43. Kg2 Nf6 44. g5 Rc4 45. gxf6 1-0

[Event "30. Open Villa de Benasque"]
[Site "Benasque ESP"]
[Date "2010.07.09"]
[Round "2.2"]
[White "Jordan Martinez, David"]
[Black "Maletin, Pavel"]
[Result "0-1"]
[WhiteElo "2182"]
[BlackElo "2617"]
[PlyCount "86"]
[EventDate "2010.07.08"]
[EventType "tourn"]
[EventRounds "10"]
[EventCountry "ESP"]
[Source "lmi"]
[SourceDate "2010.07.08"]

1. e4 c5 2. Nf3 Nc6 3. d4 cxd4 4. Nxd4 e6 5. g3 Qb6 6. Nb3 Nf6 7. Bg2 Be7 8.
Nc3 O-O 9. O-O d6 10. Be3 Qc7 11. f4 a6 12. a4 b6 13. Qe2 Bb7 14. h3 Rac8 15.
g4 Rfe8 16. g5 Nd7 17. h4 Bf8 18. h5 Nb4 19. Rad1 Nc5 20. Rd2 Bc6 21. Nxc5 bxc5
22. Rfd1 Rcd8 23. b3 Bb7 24. Kf2 Rc8 25. Qc4 Nc6 26. Qe2 Qa5 27. Qc4 Red8 28.
g6 Qc7 29. Qe2 fxg6 30. hxg6 hxg6 31. Qg4 Qf7 32. Bh3 Re8 33. Ke2 Nd4+ 34. Ke1
d5 35. Rg2 dxe4 36. Qxg6 Nxc2+ 37. Kf2 Nd4 38. Rb1 Rcd8 39. Rg3 Qxg6 40. Rxg6
Kf7 41. Rg5 Be7 42. Rgg1 Nf5 43. Bg2 Nxe3 0-1

[Event "30. Open Villa de Benasque"]
[Site "Benasque ESP"]
[Date "2010.07.09"]
[Round "2.3"]
[White "Zakhartsov, Viacheslav V."]
[Black "Solomons, Deon"]
[Result "1-0"]
[WhiteElo "2608"]
[BlackElo "2168"]
[PlyCount "69"]
[EventDate "2010.07.08"]
[EventType "tourn"]
[EventRounds "10"]
[EventCountry "ESP"]
[Source "lmi"]
[SourceDate "2010.07.08"]

1. d4 Nf6 2. c4 g6 3. Nc3 Bg7 4. e4 d6 5. Nf3 O-O 6. Be2 e5 7. d5 a5 8. h3 Nh5
9. g3 f5 10. exf5 gxf5 11. Ng5 Nf6 12. g4 Qe7 13. gxf5 Bxf5 14. Bg4 Nxg4 15.
hxg4 Bg6 16. Ne6 Rf4 17. Qe2 Qf7 18. Bxf4 exf4 19. Nxg7 Kxg7 20. Qe6 Nd7 21.
Qxf7+ Kxf7 22. Ne2 Re8 23. Kd2 Re4 24. f3 Rxc4 25. Rhc1 Rb4 26. Rxc7 Ke8 27. b3
Ne5 28. Rf1 a4 29. Kc3 Rb5 30. bxa4 Rxd5 31. Nxf4 Ra5 32. Nxg6 hxg6 33. Rh1 Kd8
34. Rg7 Rc5+ 35. Kb3 1-0

[Event "30. Open Villa de Benasque"]
[Site "Benasque ESP"]
[Date "2010.07.09"]
[Round "2.4"]
[White "Travesset Ribera, Daniel"]
[Black "Melkumyan, Hrant"]
[Result "0-1"]
[WhiteElo "2179"]
[BlackElo "2606"]
[PlyCount "54"]
[EventDate "2010.07.08"]
[EventType "tourn"]
[EventRounds "10"]
[EventCountry "ESP"]
[Source "lmi"]
[SourceDate "2010.07.08"]

1. d4 d5 2. Nf3 Nf6 3. g3 c5 4. c4 cxd4 5. Bg2 Qa5+ 6. Qd2 Qxd2+ 7. Nbxd2 Nc6
8. O-O e6 9. cxd5 Nxd5 10. Nb3 d3 11. exd3 b6 12. Rd1 Bb7 13. Be3 Be7 14. Rac1
Bf6 15. d4 Ke7 16. a3 Rac8 17. Nbd2 Na5 18. Rxc8 Rxc8 19. b4 Nc4 20. Nxc4 Rxc4
21. Rd3 Rc2 22. h4 Ra2 23. Ne5 Ba6 24. Rb3 Bxe5 25. dxe5 Bc4 26. Bxd5 Ra1+ 27.
Kh2 Bxd5 0-1

[Event "30. Open Villa de Benasque"]
[Site "Benasque ESP"]
[Date "2010.07.09"]
[Round "2.5"]
[White "Burmakin, Vladimir"]
[Black "Jordan Martinez, Miguel"]
[Result "1/2-1/2"]
[WhiteElo "2605"]
[BlackElo "2165"]
[PlyCount "169"]
[EventDate "2010.07.08"]
[EventType "tourn"]
[EventRounds "10"]
[EventCountry "ESP"]
[Source "lmi"]
[SourceDate "2010.07.08"]

1. Nf3 d5 2. c4 c6 3. b3 Nf6 4. g3 Bf5 5. Bg2 e6 6. O-O Nbd7 7. d3 Qc7 8. Bb2
Bd6 9. cxd5 cxd5 10. Nd4 Be5 11. f4 Bd6 12. Nxf5 exf5 13. Nc3 Qc5+ 14. d4 Qa5
15. a3 Nb6 16. Qd3 Ne4 17. g4 O-O 18. gxf5 Nf6 19. Nb5 Nc8 20. Rac1 Qb6 21. Nc3
Ne7 22. e4 dxe4 23. Nxe4 Ned5 24. Nxf6+ Nxf6 25. a4 Rfe8 26. Qb5 Qxb5 27. axb5
Nh5 28. Bxb7 Rab8 29. Bc6 Re3 30. Rc3 Bxf4 31. Rxe3 Bxe3+ 32. Kg2 Rd8 33. Ra1
Rxd4 34. Bxd4 Bxd4 35. Rd1 Bb6 36. Rd7 Nf6 37. Rb7 g6 38. Kf3 g5 39. h3 h5 40.
Ke2 Kg7 41. Kd3 Kg8 42. Ke2 Kf8 43. Kf3 Kg7 44. Re7 Bc5 45. Re2 Bd6 46. Rd2 Bc7
47. Kg2 Bb6 48. Bf3 g4 49. hxg4 hxg4 50. Be2 Kh6 51. Bc4 Kg5 52. Bxf7 Kxf5 53.
Bc4 g3 54. Bd3+ Kf4 55. Be2 Bf2 56. Bf3 Ng4 57. Bxg4 Kxg4 58. Re2 Kf4 59. Re7
Kf5 60. Kf3 Kf6 61. Re8 Kf7 62. Re5 Kf6 63. Rd5 Ke6 64. Rh5 Kd6 65. Rg5 Ke6 66.
Ke4 Kf6 67. Rg4 Be1 68. Rf4+ Ke6 69. Rh4 Kd6 70. Rh5 Bf2 71. Rg5 Be1 72. Rd5+
Ke6 73. Rg5 Kd6 74. Kd3 Bf2 75. Kc3 Ke6 76. Kc4 Kf6 77. Rg8 Kf5 78. Kd3 Ke5 79.
Rg7 Kf5 80. Ke2 Ke4 81. Rg4+ Kd5 82. Rc4 Bb6 83. Kf3 Bf2 84. Rc7 Kd6 85. Ke4
1/2-1/2

[Event "30. Open Villa de Benasque"]
[Site "Benasque ESP"]
[Date "2010.07.10"]
[Round "3.2"]
[White "Maletin, Pavel"]
[Black "Collas, Silvia"]
[Result "1-0"]
[WhiteElo "2617"]
[BlackElo "2333"]
[PlyCount "105"]
[EventDate "2010.07.08"]
[EventType "tourn"]
[EventRounds "10"]
[EventCountry "ESP"]
[Source "lmi"]
[SourceDate "2010.07.08"]

1. d4 Nf6 2. c4 e6 3. g3 d5 4. Nf3 dxc4 5. Bg2 Bb4+ 6. Bd2 a5 7. O-O O-O 8. e3
b5 9. Ne5 Ra6 10. a4 bxa4 11. Rxa4 c5 12. dxc5 Qc7 13. Nxc4 Rd8 14. Qc1 Bxd2
15. Nbxd2 Qxc5 16. Rxa5 Rxa5 17. Nb3 Qb4 18. Nbxa5 Ba6 19. Rd1 Rxd1+ 20. Qxd1
h5 21. Qd2 Qb5 22. Qd8+ Kh7 23. Bf1 Ng4 24. Bd3+ g6 25. Qe7 Qd7 26. Qxd7 Nxd7
27. Ne5 Bxd3 28. Nxd3 Kg7 29. Nc4 Kf8 30. f3 Ngf6 31. Kf2 Nd5 32. e4 Nc7 33.
Ke3 Ke7 34. h4 f6 35. Nf4 Kf7 36. b4 Nb5 37. Ne2 e5 38. Kd3 g5 39. Ne3 Nb6 40.
Nf5 Nc7 41. Nc3 Na6 42. b5 Nc5+ 43. Kc2 Nbd7 44. Nd5 g4 45. fxg4 hxg4 46. Nc3
Ke6 47. Ne3 Nb6 48. Kd2 Nb3+ 49. Kd3 Nd4 50. Nxg4 f5 51. Ne3 fxe4+ 52. Kxe4 Nd7
53. Kd3 1-0

[Event "30. Open Villa de Benasque"]
[Site "Benasque ESP"]
[Date "2010.07.10"]
[Round "3.3"]
[White "Alvarez Fernandez, Enrique"]
[Black "Zakhartsov, Viacheslav V."]
[Result "0-1"]
[WhiteElo "2333"]
[BlackElo "2608"]
[PlyCount "138"]
[EventDate "2010.07.08"]
[EventType "tourn"]
[EventRounds "10"]
[EventCountry "ESP"]
[Source "lmi"]
[SourceDate "2010.07.08"]

1. d4 Nf6 2. Bf4 e6 3. e3 c5 4. c3 Nc6 5. Nd2 Be7 6. h3 d5 7. Ngf3 Bd6 8. Bxd6
Qxd6 9. Be2 O-O 10. O-O e5 11. dxe5 Nxe5 12. Nxe5 Qxe5 13. Bd3 b6 14. Qa4 a5
15. Rfe1 Bb7 16. Rad1 Rad8 17. Qh4 h6 18. Qa4 Rfe8 19. Bf1 Qc7 20. Qc2 Re6 21.
Be2 Qe7 22. Qb1 d4 23. cxd4 cxd4 24. Nf1 Re5 25. Bd3 dxe3 26. Rxe3 Rdd5 27.
Rde1 Rxe3 28. Nxe3 Re5 29. Nc2 Nd7 30. Rxe5 Nxe5 31. Ne3 Qb4 32. Bf1 Be4 33.
Qc1 Qd4 34. Qc8+ Kh7 35. Qc3 Qxc3 36. bxc3 g5 37. Ng4 Nxg4 38. hxg4 Kg6 39. f3
Bb1 40. a3 f5 41. gxf5+ Kxf5 42. Kf2 h5 43. Ke3 h4 44. Ba6 Ke5 45. Bb7 Bf5 46.
Ba8 Be6 47. Bb7 Bc4 48. Be4 Kd6 49. Bf5 Kc5 50. Kd2 Bf1 51. Bh3 Kd5 52. Ke1 Bd3
53. Kd2 Ba6 54. Bd7 Bf1 55. Bh3 Ke5 56. Ke3 Bc4 57. Bd7 Bf7 58. Ba4 Be6 59. Bc2
Bd5 60. Kf2 Kf4 61. Bd1 Be6 62. Be2 g4 63. fxg4 Bxg4 64. Bxg4 Kxg4 65. a4 Kf4
66. Ke2 Ke4 67. c4 Kd4 68. Kf3 Kxc4 69. Kg4 b5 0-1

[Event "30. Open Villa de Benasque"]
[Site "Benasque ESP"]
[Date "2010.07.10"]
[Round "3.4"]
[White "Melkumyan, Hrant"]
[Black "Torres Sanchez, Jose"]
[Result "1-0"]
[WhiteElo "2606"]
[BlackElo "2318"]
[PlyCount "89"]
[EventDate "2010.07.08"]
[EventType "tourn"]
[EventRounds "10"]
[EventCountry "ESP"]
[Source "lmi"]
[SourceDate "2010.07.08"]

1. d4 d5 2. c4 e6 3. Nf3 Nf6 4. g3 dxc4 5. Bg2 Bb4+ 6. Nc3 O-O 7. O-O Nc6 8.
Bg5 h6 9. Bxf6 Qxf6 10. e3 Rd8 11. Nd2 Bd7 12. Nxc4 Bf8 13. Qe2 Be8 14. Rfd1
Rac8 15. a3 a5 16. Rac1 b6 17. Rd2 Na7 18. Rdc2 Qe7 19. Qg4 Qg5 20. Qf3 Rb8 21.
h4 Qf6 22. Qxf6 gxf6 23. Ne4 Kg7 24. g4 Ba4 25. Rd2 Be7 26. Ng3 Kh8 27. Bf3 Rg8
28. Kh2 Rbd8 29. Kh3 Bd7 30. Rdc2 Nb5 31. Nd2 c5 32. dxc5 bxc5 33. Nde4 f5 34.
Nxc5 fxg4+ 35. Bxg4 f5 36. Be2 Bxc5 37. Rxc5 f4 38. Bxb5 fxg3 39. fxg3 Bc8 40.
Re5 Rd5 41. Rc5 Rd1 42. e4 Rd2 43. b3 Rf2 44. Rc3 Kg7 45. Rec5 1-0

[Event "30. Open Villa de Benasque"]
[Site "Benasque ESP"]
[Date "2010.07.10"]
[Round "3.5"]
[White "Quesada Perez, Yuniesky"]
[Black "Toledano Llinares, Juan A."]
[Result "1-0"]
[WhiteElo "2603"]
[BlackElo "2305"]
[PlyCount "55"]
[EventDate "2010.07.08"]
[EventType "tourn"]
[EventRounds "10"]
[EventCountry "ESP"]
[Source "lmi"]
[SourceDate "2010.07.08"]

1. e4 c5 2. Nf3 Nc6 3. Bb5 d6 4. O-O Bd7 5. c3 Nf6 6. Qe2 a6 7. Ba4 e5 8. Rd1
Qc7 9. d4 Be7 10. dxc5 dxc5 11. Nbd2 O-O-O 12. Bb3 Be6 13. Bxe6+ fxe6 14. Ng5
Rd7 15. Nxe6 Qd6 16. Nxg7 Rhd8 17. Re1 Qd3 18. Qxd3 Rxd3 19. Nf1 c4 20. Bg5 Rg8
21. Bxf6 Bxf6 22. Nf5 Rgd8 23. N1e3 b5 24. Nd5 Bg5 25. Red1 Bd2 26. Kf1 b4 27.
cxb4 Nxb4 28. Nb6+ 1-0

[Event "30. Open Villa de Benasque"]
[Site "Benasque ESP"]
[Date "2010.07.11"]
[Round "4.1"]
[White "Georgiev, Kiril"]
[Black "Sarakauskas, Gediminas"]
[Result "1-0"]
[WhiteElo "2675"]
[BlackElo "2440"]
[PlyCount "69"]
[EventDate "2010.07.08"]
[EventType "tourn"]
[EventRounds "10"]
[EventCountry "ESP"]
[Source "lmi"]
[SourceDate "2010.07.08"]

1. d4 d5 2. c4 dxc4 3. Nf3 Nf6 4. e3 e6 5. Bxc4 c5 6. O-O a6 7. Bb3 Nc6 8. Nc3
Be7 9. dxc5 Qxd1 10. Rxd1 Bxc5 11. Bd2 Ba7 12. Rac1 Ke7 13. Be1 Rd8 14. Rxd8
Kxd8 15. Na4 Ke7 16. Nc5 Nd7 17. Nd3 f6 18. Ba4 Kd6 19. Nd2 b5 20. Ne4+ Kc7 21.
Bb3 Ndb8 22. Nf4 e5 23. Ba5+ Kd7 24. Be6+ Ke7 25. Bxc8 exf4 26. Bb7 Nxa5 27.
Bxa8 fxe3 28. Kf1 Nd7 29. b3 exf2 30. Nxf2 Kd6 31. Nd3 Nb6 32. Bf3 Nd5 33. Bxd5
Kxd5 34. Rc7 Nc6 35. Rxg7 1-0

[Event "30. Open Villa de Benasque"]
[Site "Benasque ESP"]
[Date "2010.07.11"]
[Round "4.2"]
[White "Rombaldoni, Axel"]
[Black "Maletin, Pavel"]
[Result "0-1"]
[WhiteElo "2448"]
[BlackElo "2617"]
[PlyCount "66"]
[EventDate "2010.07.08"]
[EventType "tourn"]
[EventRounds "10"]
[EventCountry "ESP"]
[Source "lmi"]
[SourceDate "2010.07.08"]

1. e4 c6 2. c4 d5 3. cxd5 cxd5 4. exd5 Nf6 5. Nc3 Nxd5 6. Nf3 e6 7. Bc4 Nxc3 8.
bxc3 Qc7 9. Qe2 Bd6 10. O-O O-O 11. d4 b6 12. Bd3 Bb7 13. c4 Nd7 14. Bb2 Bxf3
15. Qxf3 Bxh2+ 16. Kh1 Bd6 17. Qe4 Nf6 18. Qe2 Rfe8 19. Rac1 Qe7 20. c5 bxc5
21. dxc5 Bc7 22. f4 Red8 23. Rf3 Rab8 24. c6 Rd5 25. Rh3 h6 26. Be5 Rbd8 27.
Rb1 Rc5 28. Rb7 Rxc6 29. Rxa7 Qc5 30. Ra4 Bb6 31. Qf1 Qc1 32. Bxf6 Rxd3 33.
Ra8+ Rd8 0-1

[Event "30. Open Villa de Benasque"]
[Site "Benasque ESP"]
[Date "2010.07.11"]
[Round "4.3"]
[White "Zakhartsov, Viacheslav V."]
[Black "Collas, Didier"]
[Result "1/2-1/2"]
[WhiteElo "2608"]
[BlackElo "2418"]
[PlyCount "108"]
[EventDate "2010.07.08"]
[EventType "tourn"]
[EventRounds "10"]
[EventCountry "ESP"]
[Source "lmi"]
[SourceDate "2010.07.08"]

1. Nf3 d5 2. d4 Nf6 3. c4 e6 4. Nc3 c6 5. Bg5 h6 6. Bxf6 Qxf6 7. e3 g6 8. Bd3
Bg7 9. e4 dxe4 10. Nxe4 Qd8 11. c5 O-O 12. Bc4 b6 13. b4 bxc5 14. bxc5 Ba6 15.
Rc1 Bxc4 16. Rxc4 Qd5 17. Qe2 Nd7 18. Nc3 Qf5 19. O-O Rfb8 20. Re1 a5 21. h3
Rb4 22. g4 Qf4 23. Kg2 e5 24. a3 Rxc4 25. Qxc4 exd4 26. Re4 Qc1 27. Nxd4 Qxa3
28. Na4 Qb4 29. Nxc6 Qxc4 30. Rxc4 Ne5 31. Nxe5 Bxe5 32. Kf3 f5 33. gxf5 gxf5
34. Nb6 Ra6 35. Ke3 Kf7 36. f4 Bd6 37. Nd5 Bb8 38. c6 a4 39. c7 Bxc7 40. Rxc7+
Kg6 41. Nb4 Rb6 42. Rc4 a3 43. Kd4 Kh5 44. Kc3 Kh4 45. Rc5 Rf6 46. Ra5 Kxh3 47.
Kd4 Kg4 48. Rxa3 Re6 49. Nd5 h5 50. Ra8 h4 51. Rg8+ Kf3 52. Rh8 Kg3 53. Rg8+
Kf3 54. Rh8 Kg3 1/2-1/2

[Event "30. Open Villa de Benasque"]
[Site "Benasque ESP"]
[Date "2010.07.11"]
[Round "4.4"]
[White "Philippe, Christophe"]
[Black "Melkumyan, Hrant"]
[Result "0-1"]
[WhiteElo "2431"]
[BlackElo "2606"]
[PlyCount "96"]
[EventDate "2010.07.08"]
[EventType "tourn"]
[EventRounds "10"]
[EventCountry "ESP"]
[Source "lmi"]
[SourceDate "2010.07.08"]

1. e4 e5 2. Nf3 Nc6 3. Bc4 Nf6 4. d3 h6 5. O-O d6 6. c3 g6 7. Nbd2 Bg7 8. Bb3
O-O 9. Nc4 Be6 10. Re1 Re8 11. a4 Nd7 12. Be3 d5 13. exd5 Bxd5 14. a5 a6 15.
Ncd2 Nf8 16. Bxd5 Qxd5 17. Qb3 Qxb3 18. Nxb3 Ne6 19. Nc5 Nxc5 20. Bxc5 Red8 21.
Red1 Rd5 22. b4 Rad8 23. Ne1 Ra8 24. Kf1 Nd8 25. c4 Rd7 26. Rab1 Ne6 27. Be3 f5
28. f3 Kf7 29. Rb3 h5 30. Rdb1 Bf8 31. Nc2 Rad8 32. Ke2 Be7 33. g3 h4 34. g4 h3
35. b5 Bc5 36. bxa6 bxa6 37. Rb8 Rxd3 38. Rxd8 Rxd8 39. Rb7 Rd7 40. Bxc5 Nxc5
41. Ra7 Nb3 42. Ne3 Rd2+ 43. Ke1 Rxh2 44. gxf5 gxf5 45. Rxa6 Nd4 46. Rh6 Re2+
47. Kf1 Rxe3 48. Rxh3 Rxf3+ 0-1

[Event "30. Open Villa de Benasque"]
[Site "Benasque ESP"]
[Date "2010.07.11"]
[Round "4.5"]
[White "Pogorelov, Ruslan"]
[Black "Quesada Perez, Yuniesky"]
[Result "1-0"]
[WhiteElo "2424"]
[BlackElo "2603"]
[PlyCount "65"]
[EventDate "2010.07.08"]
[EventType "tourn"]
[EventRounds "10"]
[EventCountry "ESP"]
[Source "lmi"]
[SourceDate "2010.07.08"]

1. Nf3 Nf6 2. c4 b6 3. g3 Bb7 4. Bg2 e6 5. O-O c5 6. Nc3 Be7 7. Re1 d6 8. e4 a6
9. d4 cxd4 10. Nxd4 Qc7 11. Be3 Nbd7 12. f4 O-O 13. Rc1 Rfe8 14. g4 Nc5 15. Bf2
g6 16. b4 Ncd7 17. Nd5 exd5 18. cxd5 Qd8 19. Nc6 Bxc6 20. dxc6 Nf8 21. c7 Qc8
22. e5 dxe5 23. fxe5 Nxg4 24. e6 Nxf2 25. exf7+ Kxf7 26. Bd5+ Kg7 27. Rxe7+
Rxe7 28. Qd4+ Kh6 29. Qh4+ Kg7 30. Qxe7+ Kh6 31. Qh4+ Kg7 32. Bxa8 Nh3+ 33.
Qxh3 1-0

[Event "30. Open Villa de Benasque"]
[Site "Benasque ESP"]
[Date "2010.07.12"]
[Round "5.1"]
[White "Movsziszian, Karen"]
[Black "Georgiev, Kiril"]
[Result "0-1"]
[WhiteElo "2490"]
[BlackElo "2675"]
[PlyCount "105"]
[EventDate "2010.07.08"]
[EventType "tourn"]
[EventRounds "10"]
[EventCountry "ESP"]
[Source "lmi"]
[SourceDate "2010.07.08"]

1. g3 e5 2. Bg2 d5 3. d3 Nf6 4. Nf3 Bd6 5. O-O O-O 6. c4 d4 7. e3 dxe3 8. Bxe3
Nc6 9. Nc3 Re8 10. a3 Bf5 11. b4 a6 12. d4 exd4 13. Nxd4 Nxd4 14. Bxd4 c6 15.
Re1 Re6 16. Rxe6 Bxe6 17. Bxf6 gxf6 18. Qe2 f5 19. Rd1 Qe7 20. Bh3 Re8 21. Qd3
Be5 22. Ne2 Qf6 23. Nf4 Bxf4 24. gxf4 Kh8 25. Qd4 Qg7+ 26. Qxg7+ Kxg7 27. Bf1
Ra8 28. Rb1 a5 29. bxa5 Rxa5 30. Rb3 Bc8 31. Kg2 Ra4 32. Kf3 Kf6 33. Ke3 Be6
34. Kd4 b5 35. Rc3 Bd5 36. Bd3 bxc4 37. Bc2 Ra5 38. a4 Be6 39. Rh3 c5+ 40. Kc3
Bd7 41. Rxh7 Bxa4 42. Bxa4 Kg6 43. Rh8 Rxa4 44. Rg8+ Kf6 45. Rb8 Ra3+ 46. Kxc4
Ra4+ 47. Kxc5 Rxf4 48. Rb2 Rh4 49. Kd5 Kg5 50. f3 Rh8 51. Kd4 Kf4 52. Kd3 Kxf3
53. Rb7 0-1

[Event "30. Open Villa de Benasque"]
[Site "Benasque ESP"]
[Date "2010.07.12"]
[Round "5.2"]
[White "Maletin, Pavel"]
[Black "Vila Gazquez, Xavier"]
[Result "1/2-1/2"]
[WhiteElo "2617"]
[BlackElo "2478"]
[PlyCount "31"]
[EventDate "2010.07.08"]
[EventType "tourn"]
[EventRounds "10"]
[EventCountry "ESP"]
[Source "lmi"]
[SourceDate "2010.07.08"]

1. d4 Nf6 2. c4 g6 3. Nf3 Bg7 4. g3 d5 5. cxd5 Nxd5 6. Bg2 Nb6 7. Nc3 Nc6 8. e3
O-O 9. O-O Re8 10. Re1 a5 11. Qe2 Be6 12. Rd1 Bc4 13. Qc2 a4 14. Nd2 Nb4 15.
Qe4 Bd3 16. Qh4 1/2-1/2

[Event "30. Open Villa de Benasque"]
[Site "Benasque ESP"]
[Date "2010.07.12"]
[Round "5.3"]
[White "Melkumyan, Hrant"]
[Black "Pogorelov, Ruslan"]
[Result "1-0"]
[WhiteElo "2606"]
[BlackElo "2424"]
[PlyCount "125"]
[EventDate "2010.07.08"]
[EventType "tourn"]
[EventRounds "10"]
[EventCountry "ESP"]
[Source "lmi"]
[SourceDate "2010.07.08"]

1. d4 Nf6 2. c4 e6 3. Nf3 b6 4. g3 Ba6 5. Qa4 Bb7 6. Bg2 c5 7. dxc5 Bxc5 8. O-O
O-O 9. Nc3 Be7 10. Rd1 Na6 11. Bf4 Nc5 12. Qc2 Nce4 13. Ne5 Nxc3 14. Bxb7 Nxd1
15. Rxd1 Rc8 16. Bxc8 Qxc8 17. Qa4 d5 18. Qxa7 Bc5 19. cxd5 Nxd5 20. Nd3 Qc6
21. Bd2 Ra8 22. Qxf7+ Kxf7 23. Ne5+ Ke8 24. Nxc6 Rxa2 25. b4 Be7 26. e4 Nf6 27.
f3 h6 28. Be3 Nd7 29. Rd2 Rxd2 30. Bxd2 Bf6 31. f4 Bb2 32. e5 Nf8 33. Kf2 Kd7
34. b5 Ba3 35. Be3 Kc7 36. g4 g6 37. Kf3 Bc5 38. Bd2 h5 39. gxh5 gxh5 40. f5
Kd7 41. Kf4 Ke8 42. f6 Bg1 43. h4 Nh7 44. Be3 Bxe3+ 45. Kxe3 Kd7 46. Kf4 Ke8
47. Nb8 Kd8 48. Na6 Kd7 49. Nb4 Kd8 50. Nc2 Ke8 51. Ne3 Kd7 52. Nf1 Ke8 53. Nd2
Kd7 54. Nc4 Kc7 55. f7 Kb7 56. f8=Q Nxf8 57. Kg5 Nd7 58. Kxh5 Kc7 59. Kg6 Kd8
60. Kf7 Nc5 61. h5 Ne4 62. h6 Ng5+ 63. Kg6 1-0